[Event "Match 78__120'/40"]
[Site "Zurich"]
[Date "2024.??.??"]
[Round "23"]
[White "Saitek D+ EGR 10 MHz"]
[Black "Mephisto Polgar sel. 5"]
[Result "1/2-1/2"]
[WhiteElo "1992"]
[BlackElo "1991"]
[Annotator "Utzinger,K"]
[PlyCount "180"]
[EventDate "2024.05.22"]
[EventType "match"]
[SourceVersionDate "2024.04.21"]

{[%evp 0,180,37,35,26,-7,34,16,3,30,62,55,44,55,58,66,52,52,61,50,47,20,9,6,32,-4,50,40,81,81,61,59,64,40,40,40,40,40,40,40,51,24,45,70,53,87,65,0,0,-41,11,-23,-14,-13,-13,-22,-22,-14,-3,-3,20,20,20,11,69,73,94,89,89,89,84,0,0,0,0,0,0,0,0,0,0,0,0,0,0,0,0,0,-45,-278,-205,-269,-227,-286,-244,-244,-244,-287,-33,-33,-33,-33,-35,-35,-34,-61,-65,-90,-78,-70,-16,-16,-17,-17,-17,-17,-13,-8,-5,-5,-5,-5,0,0,0,-92,0,0,0,0,0,0,0,0,0,0,0,0,0,0,0,0,0,0,0,0,0,0,0,0,0,0,0,0,0,0,0,0,0,0,0,0,0,0,0,0,0,0,0,0,0,0,0,0,0,0,0,0,0,0,0,0,0]} 1. d4 d5 {Match 120'/40 | Bediener: Rolf Bühler | 23. Partie: remis | Zwischenstand: 12,5-10,5 (54,3%) für Saitek D+ / hypothetisch: 14,0-9,0 (60,8%) für Mephisto Polgar | Eröffnung: Angenommenes Damengambit | Eine durchwegs ruhige Partie, die erst einem wechselhaften Endspiel entschieden wird. Beide Programme schlittern 2x in verlorene Stellungen, ohne jedoch vom Gegner bestraft zu werden. Am Ende also ein gerechtes Remis.} 2. c4 dxc4 3. Nf3 Nf6 4. Nc3 {***ENDE BUCH*** = (0.05) (51%) (+4% =93% -3%) Depth: 34/46} e6 {***ENDE BUCH*** = (0.11) (51%) (+5% =92% -3%) Depth: 38/46} 5. e3 c5 6. Bxc4 cxd4 7. exd4 Bd6 $6 {Kein eigentlicher Fehler, aber ein strategischer Missgriff, wird doch damit die d-Linie verstellt und der Kampf um das wichtige Zentrumsfeld d5 ist bereits entschieden. Wenn schon ein Läuferzug, dann nach e7. Am besten scheint es für Schwarz, mit 7...a6 alle Optionen offenzuhalten, den gegnerischen Figuren das Feld b5 zu nehmen und allenfalls die Entwicklung des Lc8 nach b7 mit Tempo durch ...b5 zu ermöglichen.} 8. O-O O-O 9. Bg5 Nbd7 10. Ne4 {Bringt gar nichts, denn nach der folgenden Antwort muss sich Weiss entscheiden, was er mit dem Ross tun soll.} Be7 11. Nxf6+ {Dieser Tausch entlastet nur die schwarze Stellung. Die Engines schlagen den Rückzug 11.Sc3 vor.} Bxf6 12. Bf4 b6 {Auch nicht am stärksten. Es war Zeit, das Feld d5 wieder unter Kontrolle zu kriegen.} (12... Nb6 13. Bd3 (13. Bb3 Nd5 $11) 13... Nd5 $11) 13. Bd6 Be7 14. Bxe7 Qxe7 15. d5 {Damit kann sich Weiss von seinem schwachen Isolani befreien.} Bb7 16. Re1 {Verpasst es für dynamisches Spiel, sich mit 16.dxe6 von seinem Isolani zu trennen.} e5 {Wenn es Schwarz noch gelänge, seinen Springer nach d6 zu bringen, stünde er besser.} 17. d6 {Öffnet nicht nur seinem Läufer, sondern auch dem gegnerischen Lb7 eine schöne Diagonale.} Qf6 18. Bd5 Bxd5 19. Qxd5 Rfe8 20. Rac1 Qe6 21. Qxe6 Rxe6 22. Red1 Rd8 23. Rc6 h6 (23... f6 {was e5 deckt und die Zentralisierung des Königs nach f7 vorbereitet, ist eine gute Alternative.} 24. Rc7 Nf8 25. Rxa7 Rexd6 26. Rxd6 Rxd6 $11 {ausgeglichen}) 24. Kf1 Nc5 25. Ne1 Nb7 26. Rc7 Rexd6 27. Rxd6 Nxd6 28. Rxa7 Kh7 29. Nf3 e4 (29... f6 {was dem weissen Springer nur noch wenige gute Felder übriglässt, vermag besser zu gefallen.}) 30. Ne5 f5 31. Ke1 {[#]} Nc8 $2 $18 {[%mdl 2] Eine ganz schlechte Wahl, kann nun doch der Fesslungszug 32.Ta8 folgen, was Schwarz in eine unhaltbare Lage bringen würde.} 32. Rb7 $6 {Damit geht Weiss an der besten Möglichkeit mit 32.Ta8 vorbei, behält aber auch so noch Vorteil.} (32. Ra8 $1 Rg8 33. Nd7 b5 34. Rb8 Nd6 35. Rb6 Nc4 36. Rxb5 $18) 32... Re8 $2 $18 {[%mdl 2] Mehr Widerstand war mit 32...Td5 zu leisten.} 33. Nd7 {Auch andere Fortsetzungen retten nicht mehr.} Re7 34. Rc7 Rf7 35. Ke2 $2 {Vermasselt den möglichen Sieg, der jedoch einige Hausnummern zu gross für den Saitek D+ war.} (35. Rxc8 Rxd7 36. Rc6 b5 (36... Rb7 37. a4 g5 38. g3 Kg7 39. b3 $18) 37. Rc5 Ra7 38. a3 Kg6 39. Rxb5 Kf6 40. Rb4 g5 41. a4 Ra5 42. g3 Ke7 43. b3 Kd6 44. Kd2 Rd5+ 45. Ke3 Rc5 46. Rc4 Ra5 47. Rd4+ Ke5 48. Rb4 f4+ 49. Ke2 Ra7 50. Rb5+ Kd6 51. a5 $18) 35... Nd6 36. a4 Ne8 {Nun befindet sich plötzlich der weisse Turm in einer Fesslung.} 37. Ra7 Nd6 38. b3 f4 39. Rc7 Nf5 40. b4 Nd4+ 41. Kf1 Nb3 42. h4 Nd2+ 43. Ke1 f3 $11 {[#]} 44. g4 $2 {[%mdl 32768] Verlustzug für Weiss, womit sich das Blatt komplett wendet. Nach 44.gxf3! bleibt alles im Lot.} e3 $1 {Der Mephisto Polgar packt seine Chance.} 45. a5 exf2+ 46. Kxf2 bxa5 47. g5 Ne4+ 48. Kf1 $19 Rf5 $2 $11 {Macht aus -+ ein =.} (48... hxg5 49. hxg5 Nxg5 $19 {und Weiss geht an seiner Fesslung auf der 7. Reihe zugrunde, z.B.} 50. bxa5 Ne4 51. a6 f2 52. Rc1 {erzwungen} Rxd7) 49. Nf6+ Nxf6 50. gxf6 Rxf6 51. bxa5 {Dieses Turmendspiel ist Remis.} Rf4 $1 $11 {[#]} 52. Kf2 $2 $19 {[%mdl 32768] Erneut stürzt Weiss in eine verlorene Stellung.} (52. Rc3 Rxh4 53. Ra3 Rh1+ 54. Kf2 Rc1 55. a6 g5 (55... Rc8 56. a7 Ra8 57. Kxf3) 56. a7 Rc8 57. a8=Q Rxa8 58. Rxa8 g4 59. Ra6 h5 60. Kg3 Kg7 $1 61. Ra2 Kg6 62. Kf4 Kf6 63. Ra6+ Kg7 $1 64. Kg3 Kh7 $1 $11) 52... Rxh4 53. Kxf3 Ra4 $1 {Der einzige Zug, der gewinnt.} 54. Rc5 (54. Ra7 Kg6 55. a6 Kf6 56. Ra8 g5 57. Rf8+ Kg7 58. Ra8 h5 59. Kg2 Ra3 60. Ra7+ Kf6 61. Ra8 g4 $19) 54... g5 $2 {Vergibt den Gewinn.} (54... Kg6 $1 {alles andere ist Remis} 55. Rc6+ Kg5 56. Rc5+ Kh4 $19) 55. Rc7+ Kg6 56. Rc6+ Kh5 57. a6 $1 {Die einzige Rettung.} g4+ 58. Kg3 $1 Ra3+ 59. Kf4 Rf3+ 60. Ke4 Rf7 61. Rc5+ Kh4 62. Rc1 h5 63. Ra1 Rf8 64. a7 $1 $11 {erzwungen} Ra8 65. Kf4 $1 $11 {erzwungen} Kh3 66. Ra3+ Kh2 67. Ra5 g3 68. Rxh5+ {[#] Jetzt ist das Remis klar.} Kg2 69. Ra5 Kh3 70. Kf3 Rf8+ 71. Ke4 Re8+ 72. Re5 Ra8 73. Rh5+ Kg2 74. Rh7 Kf2 75. Rf7+ Kg1 76. Rb7 Kh1 77. Rh7+ Kg2 78. Kd5 Kf2 79. Rf7+ Ke3 80. Re7+ Kf4 81. Rf7+ Kg4 82. Kc6 g2 83. Rg7+ Kf3 84. Kb7 Rxa7+ 85. Kxa7 Kf2 86. Rf7+ Ke2 87. Rg7 Kf2 88. Rf7+ Ke2 89. Re7+ Kf1 90. Rf7+ Ke2 {***3x REMIS***} 1/2-1/2

[Event "Match 78__120'/40"]
[Site "Zurich"]
[Date "2024.??.??"]
[Round "24"]
[White "Mephisto Polgar sel. 5"]
[Black "Saitek D+ EGR 10 MHz"]
[Result "1-0"]
[WhiteElo "1991"]
[BlackElo "1992"]
[Annotator "Utzinger,K"]
[PlyCount "102"]
[EventDate "2024.05.22"]
[EventType "match"]
[SourceVersionDate "2024.04.21"]

{[%evp 0,102,28,12,12,12,30,22,37,42,56,-27,-1,-14,54,51,20,7,49,38,47,49,59,42,53,53,91,104,81,51,57,30,44,30,174,174,198,55,51,56,55,77,81,95,92,68,68,68,68,19,28,12,11,19,19,0,0,-11,-15,-7,0,0,35,36,40,40,31,0,10,0,-4,-24,0,-39,22,71,66,46,257,257,257,257,257,261,234,207,358,371,495,375,461,247,1214,1385,1385,602,819,1395,1954,1869,2016,1576,2653,2902,29979]} 1. e4 e5 {Match 120'/40 | Bediener: Rolf Bühler | 24. Partie: Weiss (Mephisto Polgar) gewinnt | Zwischenstand: 12,5-11,5 (52,1%) für Saitek D+ / hypothetisch: 15,0-9,0 (62.5%) für Mephisto Polgar | Eröffnung: Russische Verteidigung 3.Sxe5 | Bereits mit 16...Tad8? gerät der Saitek D+ in Verluststellung. Weiss kann den Deckel allerdings nicht zumachen und muss bald einmal dem Gegner den Ausgleich zubilligen. Als man schon gewillt war, die Remisfahne zu schwingen, begeht der Saitek D+ im Endspiel mit dem verfehlten Turmtausch 38...Txe3? doch noch den schliesslich entscheidenden Fehler. Damit verringert sich der Rückstand des Mephisto Polgar sel. 5 auf einen Punkt.} 2. Nf3 Nf6 3. Nxe5 d6 4. Nf3 Nxe4 5. d4 d5 6. Bd3 Be7 7. O-O O-O 8. Re1 Nf6 {***ENDE BUCH*** = (0.25) (53%) (+7% =91% -2%)} 9. Bg5 {***ENDE BUCH*** +/= (0.32) (54%) (+9% =90% -1%)} h6 {Die genaueste Fortsetzung, die Weiss zwingt, Farbe zu bekennen, auf welcher Diagonale der dunkelfarbige Läufer bleiben will.} 10. Bf4 Bg4 11. h3 Bxf3 $6 {Einmal mehr zeigt das Programm von Julio Kaplan die Vorliebe von Springer gegen Läufer. Objektiv ist es fraglich, dem Gegner das Läuferpaar zu überlassen.} 12. Qxf3 Re8 (12... c5 $5 $14 {ist genauer}) 13. Nc3 c6 14. Rad1 Nbd7 15. Bf5 {Was der Läufer hier wohl will.} Qb6 {Ein Lieblingszug unserer Oldies ... und vielfach, wie hier, nicht sehr gut.} 16. Re3 $11 {Indirekte Verteidigung des b2-Bauern. Eine interessante Variante meiner Engine mit 16...Lf8, die zum Ausgleich führt, sieht wie folgt aus:} {[#]} Rad8 $2 $18 {[%mdl 2] Verlustzug: aber ein für unsere Oldies nicht erkennbarer taktischer Fehler. Schwarz geht an der momentan ungünstigen Stellung seiner Figuren zugrunde.} ({Beast 15 MPV-avx2:} 16... Bf8 {= 0.00 (50%) (+2% =96% -2%) Depth 69/88} 17. Bxh6 gxh6 18. Bxd7 Rxe3 19. Qxf6 Bg7 20. Qh4 Qxb2 21. fxe3 Qxc3 22. Qf2 Qb2 23. Rf1 Rf8 24. Qf5 Qa3 25. Rf3 Kh8 26. Qg4 Qxa2 27. Rg3 Rg8 28. Qf4 Qa1+ 29. Kh2 Qa3 30. Qxf7 Qf8 31. Qh5 Qd6 32. Qg4 h5 33. Qxh5+ Bh6 34. Bg4 a5 35. Kh1 a4 36. Rf3 a3 37. Rf1 Rf8 38. Ra1 Kg7 39. Bf5 Rf6 40. Qf3 Qe7 41. Qg4+ Kh8 42. Qh4 Kg7 43. Qg4+ {[%eval 0,69] [%wdl 20,960,20]}) (16... Qxb2 $2 {Verlustzug} 17. Rb1 Qa3 18. Bxd7 Nxd7 19. Rxb7 Nb6 (19... Nf6 20. Ne2 Qxa2 21. Rexe7 $18) 20. Ne2 Qxa2 (20... Qb4 21. Bxh6 $1 $18) 21. Rbxe7 $18) 17. Rde1 $1 {Der erste Gewinnzug sitzt.} Kf8 $18 {Auch diese beste Verteidigung genügt nicht mehr. Weiss hat verschiedene Gewinnwege zur Verfügung.} (17... Bb4 $4 18. Rxe8+ Rxe8 (18... Nxe8 19. Bxd7 $18) 19. Rxe8+ Nxe8 20. Bxd7 $18) 18. Qe2 $6 $16 {Verspielt einen Teil des weissen Vorteils. Doch liegen die klaren Gewinnwege von Weiss weit ausserhalb des Rechenhorizonts unserer alten Schätze.} (18. Bxd7 Rxd7 (18... Nxd7 19. Qg3 {Mit der Doppeldrohung Dxg7 matt und Lc7 mit Qualitätsgewinn.} Qxd4 20. Bd6 $18 {und gewinnt entscheidend Material.}) 19. Be5 Rc8 20. Na4 Qd8 21. Nc5 Bxc5 22. dxc5 Kg8 23. Bd4 Ne4 (23... Kf8 24. Qf5 Rdc7 25. Rg3 $18) 24. Qg4 f5 25. Qxf5 Rf7 26. Qg4 Qd7 27. Qxd7 Rxd7 28. f3 Nf6 29. Re7 $18) 18... Bb4 $1 {Das Ausrufezeichen gibt es, weil Schwarz die beste Verteidigung findet.} 19. Qd3 $2 $14 {Weiss erkennt, da zu tief, eine taktische Abwicklung mit Bauerngewinn nicht.} (19. Bxh6 $3 Rxe3 (19... Qc7 20. Bg5 Rxe3 21. Qxe3 Re8 22. Qc1 Bd6 23. Rxe8+ Nxe8 24. g3 {+- (2.15) (100%) (+100% =0% -0%) Depth: 39/64 mit Bauernplus und exzellenten Gewinnchancen für Weiss.}) (19... Qxd4 $2 20. Bxd7 $1 Rxe3 (20... Qxe3 21. Bxe3 Rxd7 $18) 21. Bxe3 $18) (19... gxh6 20. Bxd7 Rxe3 21. Qxe3 Ng8 22. Bg4 $16) 20. Qxe3 Qc7 (20... Ng8 21. Bf4 $18) 21. Qg5 gxh6 22. Qxh6+ Kg8 23. Qg5+ Kh8 24. Re3 Bd6 25. Ne4 Bf4 (25... dxe4 26. Rxe4 $18 Nxe4) 26. Qh4+ Kg7 27. Nxf6 Nxf6 28. Rf3 Re8 29. Qxf4 Qxf4 30. Rxf4) 19... Rxe3 20. Rxe3 $11 {= (0.20) (51%) (+2% =97% -0%) Depth: 49/61 Bestzug 20...Te8 mit einer Gewinnerwartung von 51% für Weiss.} Qa5 $6 {+- (1.61) (97%) (+94% =6% -0%) Depth: 49/73 Wie man sieht, eine beachtliche Ungenauigkeit, steigt doch die weisse Gewinnerwartung gegenüber 20...Te8 von 51% auf 97%.} (20... Re8 21. Rxe8+ Kxe8 22. Na4 Qa5 23. Qe3+ Be7 $11) 21. a3 Bxc3 22. Qxc3 Qxc3 23. Rxc3 Nb6 $16 24. Be5 $6 $11 {Hier war 24.Tb3 stärker.} (24. Rb3 Kg8 25. Bc7 Ra8 26. Bd3 Ne8 27. Bg3 Rd8 28. a4 Rd7 29. a5 Nc4 30. Bxc4 dxc4 31. Rb4 a6 (31... Rxd4 32. Rxb7 $18) 32. Rxc4 Nf6 33. Kf1 Ne4 34. Ra4 Ng5 35. c3 Ne6 36. b4 $16 {mit intakten Gewinnchancen für Weiss.}) 24... Nc4 25. Rb3 b6 26. Bxf6 gxf6 27. f4 Re8 28. Kf2 Ke7 29. a4 Kd6 30. g4 Nd2 31. Rd3 Ne4+ 32. Kf3 a5 33. b3 b5 34. axb5 cxb5 {Die Partie scheint auf ein Remis hinzulaufen.} 35. h4 Re7 36. h5 b4 37. Re3 Nd2+ 38. Kf2 {[#]} Rxe3 $2 $18 {[%mdl 2] Zum zweiten Mal stolpert der Saitek D+ in eine verlorene Stellung.} (38... Ne4+ $1 {war richtig und falls} 39. Bxe4 dxe4 40. c4 $1 {Erzwungen wegen der Drohung ...Kd5.} Rc7 41. Rxe4 a4 $1 $11) 39. Kxe3 {Der Läufer ist dem Springer in diesem Endspiel total überlegen. Und ferner droht Weiss, mit g4-g5 zu gewinnen.} Nf1+ 40. Kf2 Nd2 41. g5 $1 fxg5 42. fxg5 Ke7 {erzwungen} (42... hxg5 43. h6 {und der Bauer läuft durch.}) 43. gxh6 Kf6 44. Ke3 {Auch Ld3 und Ke2 gewinnen.} Nb1 45. c4 {Der einfachste Gewinnweg.} dxc4 (45... Nc3 46. c5 $18) 46. Bxb1 a4 47. h7 {Auch bxa4 und d5 gewinnen.} Kg7 48. bxa4 c3 49. Bc2 b3 50. Bxb3 Kh8 51. Bc2 f5 {***AUFGEGEBEN***} 1-0

[Event "Match 78__120'/40"]
[Site "Zurich"]
[Date "2024.??.??"]
[Round "25"]
[White "Saitek D+ EGR 10 MHz"]
[Black "Mephisto Polgar sel. 5"]
[Result "1-0"]
[WhiteElo "1992"]
[BlackElo "1991"]
[Annotator "Utzinger,K"]
[PlyCount "188"]
[EventDate "2024.05.22"]
[EventType "match"]
[SourceVersionDate "2024.04.21"]

{[%evp 0,188,19,38,60,60,55,50,36,36,52,13,36,0,17,17,26,33,32,23,39,39,46,56,40,3,11,20,4,22,23,-38,13,25,31,29,29,12,15,12,-6,0,-4,-1,4,1,0,-8,-22,-2,-11,-16,-23,-37,-53,-52,-37,-50,-50,-37,0,0,0,0,0,0,18,0,41,50,49,47,63,64,64,13,21,30,28,1,1,10,0,0,30,26,47,64,62,48,71,58,66,36,49,0,25,24,58,47,96,78,89,63,67,67,115,96,169,15,28,0,23,0,0,3,3,3,3,-23,3,23,0,0,30,26,113,20,108,156,165,165,274,273,410,411,501,501,501,323,501,507,507,507,509,509,509,515,515,509,509,509,509,509,515,515,515,515,515,261,425,409,481,518,704,775,775,775,818,836,836,884,836,884,890,518,518,525,817,817,884,890,890,890,890,1117,1633,1633,1633,1633,1633]} 1. e4 c6 {Match 120'/40 | Bediener: Rolf Bühler | 25. Partie: Weiss (Saitek D+) gewinnt | Zwischenstand: 13,5-11,5 (52,1%) für Saitek D+ / hypothetisch: 15,0-10,0 (60%) für Mephisto Polgar | Eröffnung: Caro Kann Verteidigung, | Eine in weiten Teilen ausgeglichene Partie, in der Mephisto Polgar aber kein Bein auf den Boden bringt. Allerdings muss das holländische Programm vier Verlustzüge produzieren, bis der Saitek D+ mit einer unwürdig anzusehenden Endspielleistung den Sieg einfahren kann.} 2. d4 d5 3. Nc3 dxe4 4. Nxe4 Nd7 {Ein seinerzeit von A. Nimzowitsch eingeführter Zug. Dieser Aufbau trägt in den Büchern verschiedene Namen: Klassisches System (A. Suetin), Damenspringerspiel (M. Euwe), Petrosjan-Smyslov-System (A. Konstantinopolski / A. Weiz). Manchmal spricht man aber auch von der Flohr-Variante, weil der tschechische Topspieler Salo Flohr dieses System gerne und erfolgreich anwandte. Aber auch der ehemalige Weltmeister Anatoly Karpov hat dieses System äusserst erfolgreich angewandt.} 5. Bc4 {Andere gebräuchliche Fortsetzungen sind:} (5. Nf3 Ngf6 $11) (5. Ng5 Ngf6 6. Bd3 e6 $11) 5... Ngf6 {***ENDE BUCH*** = (0.30) (54%) (+9% =90% -1%) Depth: 40/52} 6. Qe2 {***ENDE BUCH*** = (0.18) (52%) (+6% =92% -2%) Depth: 45/54} Nxe4 7. Qxe4 Nf6 8. Qd3 e6 {Als Folge des zahmen Buchzuges 6.De2 mit der primitiven Drohung 7.Sd6 Matt hat Schwarz leicht den Ausgleich erreicht.} 9. Nf3 b5 10. Bb3 a5 {Droht mit ...a4 den Läufer zu erobern.} 11. a4 Ba6 12. O-O b4 13. Bc4 Bxc4 14. Qxc4 Qd5 15. Ne5 Qxc4 (15... Bd6 {war durchaus möglich, denn nach} 16. Qxc6+ Qxc6 17. Nxc6 O-O $11 {hat Schwarz mächtigen Entwicklungsvorsprung und wird den Bauern zurückbekommen.}) 16. Nxc4 c5 17. Be3 Nd5 18. c3 Be7 19. dxc5 Nxe3 20. fxe3 Bxc5 21. Rac1 h5 (21... f6 {ist eine gute Alternative: nimmt den Druck auf der f-Linie weg und verweigert dem weissen Springer das starke Feld e5.}) 22. Kf2 bxc3 23. bxc3 {Auch gegen 23.Txc3 sprach nichts.} O-O 24. Rb1 Rfc8 {Die Stellung befindet sich im Gleichgewicht. = (0.00) (50%) (+1% =99% -1%)} 25. Ke2 Ba7 26. Kd3 Rc7 27. Nxa5 Rd8+ 28. Kc2 Bxe3 29. Rfd1 {Verhindert das lästige ...Td8-d2+} Rxd1 30. Rxd1 Bf4 31. g3 Be5 32. Rd3 Kh7 ({Mit} 32... f5 {hätte Schwarz an seine Bauernmehrheit denken sollen, um ein Gleichgewicht zu schaffen für die Bauermehrheit des Gegners am anderen Flügel.}) 33. Kb3 Kg6 34. Nc4 Rb7+ 35. Ka3 {[#] = (0.00) (50%) (+0% =99% -0%) Depth: 46/24} Bf6 $2 {[%mdl 2] +/- (1.58) (98%) (+96% =4% -0%) Depth: 45/84 Eine verlustträchtige Ungenauigkeit, sollte der Läufer doch mit 35...Lb8 auf der anderen Diagonale bleiben, wo er beide weisse Bauern unter Kontrolle hat. Die sehr stark gestiegene Bewertung nach 35.Ka3 und der Antwort 35...Lf6? zeigt ein klares Bild.} ({Beast 15 MPV-avx2:} 35... Bb8 36. a5 h4 37. gxh4 f5 38. Rd8 Bxh2 39. Ka4 Rb1 40. a6 Bg1 41. Rf8 Kh5 42. Ne5 Kxh4 43. Nf3+ Kg3 44. Nxg1 Rxg1 45. c4 Ra1+ 46. Kb5 Rb1+ 47. Ka5 Ra1+ 48. Kb6 Rb1+ 49. Ka5 {[%eval 0,44] [%wdl 4,992,4]}) 36. a5 {Freibauern sind zum Laufen da.} Rc7 37. Kb4 (37. Kb3 {ist genauer, denn nach der folgenden Antwort muss der König nach b3 zurück.} e5 38. Re3 Re7 39. Ka4 e4 40. a6 Bg5 41. Re2 e3 42. Nd6 $18 {und gewinnt}) 37... Be7+ 38. Kb3 f6 39. h3 $2 $11 {Übersieht eine starke Riposte. Auch ist der weisse Vorteil nun vorbei.} (39. Nd6 $1 {Sehr stark, denn die auf der Hand liegende "Widerlegung"} Rd7 $2 {gewinnt keine Figur, sondern verliert nach} 40. a6 Bxd6 41. c4 e5 42. c5 e4 43. Rxd6 Re7 44. Kb4 e3 45. Rd1 e2 46. Re1 $18 {und die beiden Freibauern von Weiss gewinnen leicht.}) 39... e5 {Auch 39...Lc5 genügt.} 40. Nb6 Bc5 41. Nd5 Ra7 42. Ka4 Rb7 43. a6 Rb8 44. Nb4 Bf2 45. Rf3 Ba7 46. c4 e4 47. Rf4 Re8 48. Rf1 Bb8 49. Rg1 {[#]} Bd6 $2 $18 {[%mdl 2] Damit gerät Schwarz auf die Verliererstrasse.} (49... Rc8 $1 50. Rc1 Ba7 51. Nd5 Kg5 52. Kb5 Rc5+ 53. Kb4 f5 $11 {und Weiss kommt nicht weiter.}) 50. Nd5 $2 $11 {Postwendend vergibt Weiss den möglichen Sieg, der mit 50.Sc6 sicherzustellen war.} (50. Nc6 $1 {Der Springer steht hier riesenstark. Er nimmt die wichtigen Felder a7 und b8 unter Kontrolle. Die Engine zeigt einen möglichen Gewinnweg, den das Vermögen unserer Oldies natürlich bei weitem übersteigt.} e3 51. Kb5 Kf5 52. c5 Bc7 53. Ra1 Ra8 54. a7 g5 55. Ra4 Bxg3 56. Kb6 Ke6 57. Kb7 Rxa7+ 58. Kxa7 Bf2 59. Nd4+ Kd5 60. Kb6 e2 61. Nxe2 Bxc5+ 62. Kb5 Bd6 63. Rd4+ Ke6 64. Kc4 Be5 65. Rd8 Bd6 66. Ra8 Be5 67. Kd3 Kf5 68. Ra4 Bc7 69. Nd4+ Kg6 70. Ke4 Bb6 71. Rb4 Bc5 72. Rb5 Bf8 73. Nf5 Kf7 74. Rb7+ Kg6 75. Ra7 h4 76. Rb7 Kh5 77. Rb8 Bc5 78. Re8 g4 79. hxg4+ Kg6 80. Rg8+ Kf7 81. Rd8 h3 82. Rh8 $18) 50... Bc5 $6 {Bringt sich wieder in Schwierigkeiten, was mit 50...Tb8= zu vermeiden war.} 51. Rg2 $6 {Auch nicht am besten; gut war 51.Te1.} Rb8 $11 52. Rd2 Kh6 53. h4 $11 {[#]} f5 $2 {[%mdl 2] +- (2.44) (100%) (+100% =0% -0%) Weshalb das so viel schlechter ist als 53...La7 = (0.00) (50%) (+0% =99% -0%) und verliert, müsste vertieft untersucht werden.} 54. Ka5 $11 {Genügt nur für Ausgleich, während 54.Sf4! gewinnt.} Rb1 55. Rh2 {Ein unergründlicher Turmzug.} g6 56. Re2 Kg7 {Hätte sich Schwarz um seine Bauernmehrheit gekümmert, wäre wohl der Bauernvorstoss 56...g5 zur Debatte gestanden.} 57. Rc2 Rb8 58. Ra2 Kf7 59. Rg2 Rb3 60. Ka4 Rb1 61. Rd2 Rb8 62. Nf4 Kf6 63. Rd5 $11 {[#]} Be3 $2 $18 {[%mdl 2] Und zum dritten Mal stolpert Schwarz vom Ausgleich in den Verlust. Der Läuferzug ist schlecht, weil er den in vielen Varianten wichtigen Vormarsch des schwarzen e-Bauern hemmt. Am besten war 63...Lf2.} ({Beast 15 MPV-avx2:} 63... Bf2 64. c5 Ra8 65. Rd6+ Kf7 66. Rxg6 Bxc5 67. Kb5 Be3 68. Rg5 Rb8+ 69. Kc4 Rc8+ 70. Kb4 Rb8+ 71. Kc4 {[%eval 0,52] [%wdl 4,992,4]}) 64. Rb5 $1 $18 {Die Doppeldrohung Txb8 und Sd5+ nebst Sxe3 lässt sich nur durch die folgende Antwort ...Lxf4 beheben, was jedoch direkt zu einer verlorenen Stellung führt.} Bxf4 65. gxf4 $18 {Es würde mich interessieren, wie beide Programme diese Stellung einschätzen, habe jedoch aus zeitlichen Gründen verzichtet, das zu untersuchen.} Rc8 66. Ka5 (66. a7 {gewinnt ebenfalls.}) 66... Rxc4 {Die übermächtigen Engines kündigen hier bereits ein Matt in 21 Zügen an.} 67. a7 Rc8 68. Rb6+ (68. Rb8 {Matt in 17}) 68... Ke7 69. Ka6 {Matt in 24} (69. Rb8 {Matt in 18, das kann Weiss natürlich nicht erkennen. Aber weshalb er auf die mögliche Bauernumwandlung verzichtet, ist schwer zu verstehen.} Rc1 70. a8=Q Ra1+ 71. Kb5 Rxa8 72. Rxa8 $18) 69... Rd8 70. Rb7+ (70. Rb8 {Matt in 18}) 70... Ke6 71. Rb6+ Ke7 72. Rb7+ Ke6 73. Rb8 {endlich} Rd3 74. Rb6+ $6 {Also wiederum keine Bauernumwandlung.} Ke7 75. Rb5 Rd6+ 76. Ka5 Rd8 77. Rb7+ Kf6 78. Rb6+ Ke7 79. Rxg6 {Weiss hat es auf einen kümmerlichen Bauern abgesehen und verlängert damit nur den schnellen Sieg.} Rh8 80. Rb6 Ra8 81. Ka6 Rd8 82. Rb7+ Ke6 83. Rb6+ Ke7 84. Rb7+ Ke6 85. Rb8 {Schon bald musste man Angst haben, dass der Saitek D+ mit Zugwiederholung zufrieden ist.} Rd3 86. Rb5 Rd8 87. Kb6 Rh8 88. Ra5 Ra8 89. Kb7 {Ist der Groschen nun gefallen?} Rf8 90. a8=Q {Welche Erleichterung, dass sich Weiss endlich zur Umwandlung entschieden hat.} Rxa8 91. Kxa8 Kf6 92. Ra6+ Kg7 93. Kb7 Kf7 94. Rh6 Ke7 {***AUFGEGEBEN***} 1-0